|
|
|
|
| LEADER |
00000cam a2200000 7i4500 |
| 001 |
0000000950 |
| 002 |
000001057 |
| 005 |
20000330.0 |
| 020 |
|
|
|a 086318829X
|
| 090 |
0 |
0 |
|a 520.03
|b COU
|
| 100 |
1 |
|
|a Couper, Heather
|
| 245 |
1 |
4 |
|a The space atlas
|c Heather Couper and Nigel Henbest
|
| 260 |
|
|
|a London :
|b Dorling Kindersley ,
|c 1992
|
| 300 |
|
|
|a 64p. :
|b ill. ;
|c 36cm.
|
| 490 |
0 |
|
|a A pictorial atlas of our universe
|
| 650 |
0 |
0 |
|a Astronomy
|x Atlases
|
| 650 |
0 |
0 |
|a Universe
|x Atlases
|
| 651 |
|
0 |
|a Outer space
|x Pictorial works
|
| 700 |
1 |
|
|a Henbest, Nigel
|
| 999 |
|
|
|a 029666
|b BUKU
|c RUJUKAN
|e PERPUSTAKAAN KOMUNITI PETALING JAYA
|